Семантические порталы организаций; itech; № 2

Bibliografiske detaljer
Parent link:itech: журнал интеллектуальных технологий.— , 2005
№ 2.— 2005.— С. 78-81
Andre forfattere: Васильев И. А., Тузовский А. Ф. Анатолий Федорович, Чириков С. В., Ямпольский В. З. Владимир Захарович
Summary:В фонде НТБ ТПУ отсутствует
Sprog:russisk
Udgivet: 2005
Fag:
Format: MixedMaterials Book Chapter
KOHA link:https://koha.lib.tpu.ru/cgi-bin/koha/opac-detail.pl?biblionumber=596951

MARC

LEADER 00000naa0a2200000 4500
001 596951
005 20250127111318.0
035 |a (RuTPU)RU\TPU\tpu\20015 
035 |a RU\TPU\tpu\18333 
090 |a 596951 
100 |a 20110915d2005 k||y0rusy50 ca 
101 0 |a rus 
102 |a RU 
200 1 |a Семантические порталы организаций  |f И. А. Васильев [и др.] 
333 |a В фонде НТБ ТПУ отсутствует 
461 |t itech  |o журнал интеллектуальных технологий  |d 2005 
463 |t № 2  |v С. 78-81  |d 2005 
610 1 |a труды учёных ТПУ 
701 1 |a Васильев  |b И. А. 
701 1 |a Тузовский  |b А. Ф.  |c специалист в области систем управления  |c профессор Томского политехнического университета, доктор технических наук  |f 1952-  |g Анатолий Федорович  |3 (RuTPU)RU\TPU\pers\25952 
701 1 |a Чириков  |b С. В. 
701 1 |a Ямпольский  |b В. З.  |c директор института "Кибернетический центр" Томского политехнического университета  |f 1938-  |g Владимир Захарович  |3 (RuTPU)RU\TPU\pers\12100 
801 1 |a RU  |b 63413507  |c 20100225 
801 2 |a RU  |b 63413507  |c 20110915  |g RCR 
942 |c CR